| 000 | 01245nam a2200349Ic 4500 | ||
|---|---|---|---|
| 001 | 57718 | ||
| 003 | CO-BoRNBP | ||
| 005 | 20250729100134.0 | ||
| 007 | ta | ||
| 008 | 000101?uuuu unk 000 0 unk d | ||
| 020 | _a9589239102 | ||
| 040 |
_aCO-BoRNBP _bspa _erda _cCO-BoRNBP |
||
| 041 | _aspa | ||
| 082 | _a746.41 M87b | ||
| 110 |
_aMuseo de Artes y Tradiciones Populares _957352 |
||
| 245 | 0 | 0 |
_aArtesanía, comunidad y desarrollo, memoria y futuro Casa del telar de arco, Guacamayas, Boyacá / _cMuseo de Artes y Tradiciones Populares, Asociación Colombiana de Promoción Artesanal. |
| 250 | _a1a ed. | ||
| 264 | 1 |
_aBogotá, Colombia : _bMuseo de Artes y Tradiciones Populares, _c1992 |
|
| 300 |
_a46 páginas : _bilustraciones |
||
| 336 |
_atext _btxt _2rdacontent |
||
| 337 |
_aunmediated _bn _2rdamedia |
||
| 338 |
_avolume _bnc _2rdacarrier |
||
| 490 | _aArtesanías | ||
| 650 | 0 | 7 |
_aArtesanias _2LEMB |
| 650 | 0 | 7 |
_aArtesanías _xhistoria _2lemb _961419 |
| 650 | 0 | 7 |
_aTelares _2lemb _961420 |
| 651 | 0 |
_aBoyacá (Colombia) _xvida social y costumbres _961421 |
|
| 700 |
_aQuiceno, Pedro _eill _961422 |
||
| 700 |
_aRincón, Sonia _eill _961423 |
||
| 710 |
_aAsociación Colombiana de Promoción Artesanal _923591 |
||
| 942 |
_cBK _2ddc |
||
| 999 |
_c57718 _d57718 |
||